000 00572nam a2200229Ia 4500
003 OSt
005 20221005113931.0
006 a|||||r|||| 00| 0
007 ta
008 221004b |||||||| |||| 00| 0 ara d
024 _a15378
037 _cTextual
040 _aCRL
_cCRL
_bara
041 _2ara
_aara
082 _aO28,2:g, K3
100 _aShoukat Mehmood Hamid
_9625188
245 0 _aAl-Fun Al-Misrahi
260 _c1963
650 _aARABIC DRAMA
942 _hO28,2:g, K3
_cTEXL
_2cc
999 _c1029784
_d1029784